Rosa Negra (Record no. 142210)

MARC details
000 -LÍDER
campo de controle de tamanho fixo 00442 a2200181 4500
001 - NÚMERO DE CONTROLE
campo de controle 142210
040 ## - FONTE DA CATALOGAÇÃO
Instituição que transcreveu o registro Leonardo Da Vinci
041 ## - CÓDIGO DE IDIOMA
Código do idioma do texto/trilha sonora ou título diferente Português
082 ## - CDD - CLASSIFICAÇÃO DECIMAL DE DEWEY
Número de Classificação 869.93 R574r
Número do exemplar R574r
100 ## - ENTRADA PRINCIPAL--NOME PESSOAL
Nome pessoal ROCHA, Osvaldo
245 ## - TÍTULO
Título Rosa Negra
Restante do título os agrestes também verdejam
260 ## - PUBLICAÇÃO, DISTRIBUIÇÃO, ETC.
Nome do editor, distribuidor, etc. Livramento
Data da publicação, distribuição, etc. 1980
Local de publicação, distribuição, etc. São Paulo
300 ## - DESCRIÇÃO FÍSICA
Extensão 183
362 ## - DATAS DE PUBLICAÇÃO E/OU DESIGNAÇÃO SEQUENCIAL
Datas de publicação e/ou designação sequencial 19800000
490 ## - TÍTULO DA SÉRIE
Título da série Históra presente; 3
697 ## - ENTRADA DE ASSUNTO LOCAL--ENTIDADE COLETIVA (RLIN)
Nome corporativo ou nome da jurisdição Literatura
-- Brasil
942 ## - ELEMENTOS DE ENTRADA ADICIONADOS (KOHA)
Tipo de material Koha Livros
Holdings
Situação do descarte Situação das perdas Situação física Não pode ser emprestado Biblioteca de origem Biblioteca atual Data de aquisição Total de empréstimos Número de chamada completo Código de barras Data de último acesso Data do preço efetivo Tipo de material Koha
        Leonardo Da Vinci - Osasco Leonardo Da Vinci - Osasco 27/03/2024   869.93 R574r O009678 27/03/2024 27/03/2024 Livros